Monographic series: Landscape architecture in India (Record no. 10703)
[ view plain ]
| 000 -LEADER | |
|---|---|
| fixed length control field | 00346 a2200121 4500 |
| 008 - FIXED-LENGTH DATA ELEMENTS--GENERAL INFORMATION | |
| fixed length control field | 220527b ||||| |||| 00| 0 eng d |
| 020 ## - INTERNATIONAL STANDARD BOOK NUMBER | |
| International Standard Book Number | 9788192625447 |
| 082 ## - DEWEY DECIMAL CLASSIFICATION NUMBER | |
| Classification number | 712.0954 |
| Item number | BHA |
| 100 ## - MAIN ENTRY--PERSONAL NAME | |
| Personal name | Ravindra Bhan |
| 245 ## - TITLE STATEMENT | |
| Title | Monographic series: Landscape architecture in India |
| 260 ## - PUBLICATION, DISTRIBUTION, ETC. (IMPRINT) | |
| Name of publisher, distributor, etc | LA journal of Landscape Architecture |
| Date of publication, distribution, etc | 2020 |
| 942 ## - ADDED ENTRY ELEMENTS (KOHA) | |
| Source of classification or shelving scheme | |
| Withdrawn status | Lost status | Source of classification or shelving scheme | Damaged status | Koha normalized classification for sorting | Not for loan | Permanent location | Current location | Date acquired | Source of acquisition | Cost, normal purchase price | Total Checkouts | Full call number | Barcode | Date last seen | Date last borrowed | Cost, replacement price | Price effective from | Koha item type |
|---|---|---|---|---|---|---|---|---|---|---|---|---|---|---|---|---|---|---|
| 712_095400000000000_BHA | BMS College of Architecture, Design and Planning | BMS College of Architecture, Design and Planning | 2022-05-27 | 7 | 3150.00 | 1 | 712.0954 BHA | AR-UG2784 | 2022-07-01 | 2022-06-27 | 3500.00 | 2022-05-27 | UG Books |